000 00317nam a22001217a 4500
008 230623b xxu||||| |||| 00| 0 eng d
020 _a043532135
082 _a330.96
_bBRE 1974
245 _aColonialism and Underdevelopment in East Africa
260 _aLondon
_bHeinemann
_c1974
300 _aXV,330p
942 _2ddc
_cBK
999 _c2536
_d2536